000 00517nam a2200193Ia 4500
005 20250508162118.0
008 008 250505s9999 xx 000 0 hin d
037 _aTextual
040 _aFEDL
_beng
_cFEDL
041 _ahin
_2eng
084 _a370.15, BHA
_qFEDL
100 _aBhatiya Hansraj
_9417854
245 0 _aShiksha manovigyan
260 _aVaranasi, India
_bGyan Mandal Limited
_c1958
300 _a275p
365 _aINR
_b5
942 _cTEXL
_h370.15, BHA
999 _c1374448
_d1374448